Source book of biological terms /

Bibliographic Details
Main Author: Melander, A. L. (Axel Leonard), 1878-
Format: Book
Language:English
Published: [New York] : Dept. of biology, the City college, the College of the city of New York, 1937.
Subjects:

MARC

Tag First Indicator Second Indicator Subfields
LEADER 00000cam a2200000 4500
001 in00000044188
005 20151007071019.0
008 770809s1937 nyua d l00010 eng
010 |a  37039502  
035 |a (OCoLC)03174460 
035 |9 AAE5150AM 
040 |a DLC  |c OCP  |d TXA  |d UtOrBLW 
049 |a TXAM  |c [80078] 
050 0 0 |a QH13  |b .M42 
082 0 |a 574 
092 |a 574.014  |b M517s 
100 1 |a Melander, A. L.  |q (Axel Leonard),  |d 1878- 
245 1 0 |a Source book of biological terms /  |c [by] Axel Leonard Melander ... 
264 1 |a [New York] :  |b Dept. of biology, the City college, the College of the city of New York,  |c 1937. 
300 |a 111 pages 1 ., 157 pages :  |b illustrations ;  |c 22 cm. 
336 |a text  |b txt  |2 rdacontent 
337 |a unmediated  |b n  |2 rdamedia 
338 |a volume  |b nc  |2 rdacarrier 
500 |a "[The author's] The source of biological terms ... inspired the elaboration of the present work."--Frontispicium. 
650 0 |a Biology  |v Dictionaries. 
740 0 |a Biological terms, Source book of. 
999 |a MARS 
999 f f |s c16efc7f-a23c-3992-b5ed-5829fc506ff3  |i 1f299e86-1103-37cb-af66-7164a63cdeeb  |t 0 
952 f f |p ric  |a Texas A&M University  |b Rellis Campus  |c Joint Library Facility  |d Remote Storage  |t 0  |e QH13 .M42  |h Library of Congress classification  |i unmediated -- volume  |m A14800971622 
998 f f |a QH13 .M42  |t 0  |l Remote Storage